000 00741nam a22002177a 4500
999 _c10215
_d10215
003 AR-CdUCM
008 190329b ||||| |||| 00| 0 spa d
040 _aMUNICIPALIDAD PROVINCIAL DEL CUSCO
_cBIBLIOTECA MUNICIPAL DEL CUSCO
082 _a869.56/
_bD48/1957
100 _aDelgado, Washington
_91113
245 _aDías del corazón /
260 _aLima :
_bTalleres gráficos P.L. Villanueva,
_c1957.
300 _a23 páginas ;
_c21.5 cm.
440 _aCuadernos de composición
_926932
500 _aDonación de la familia Nieto. Publicación artesanal
650 _aPoesía peruana
_9806
650 _aPoetas peruanos
_91611
650 _aPoesía - Perú - Siglo XX
_914482
942 _2ddc
_cLIBROS
945 _apjha
_d2019-05-14